[Event "2nd President's Cup"]
[Site "Baku AZE"]
[Date "2007.05.11"]
[Round "9"]
[White "Magalashvili,D"]
[Black "Bayramov,V"]
[Result "1-0"]
[WhiteElo "2474"]
[BlackElo "2298"]
[EventDate "2007.05.03"]

1. Nf3 Nf6 2. c4 d6 3. d4 g6 4. Nc3 Bg7 5. e4 O-O 6. Be2 Bg4 7. Be3 Nfd7 8.
d5 Bxc3+ 9. bxc3 e5 10. Bh6 Re8 11. Ng5 Bxe2 12. Qxe2 Nc5 13. h4 f6 14. Nf3
Nbd7 15. h5 Kf7 16. hxg6+ hxg6 17. Nh4 Rg8 18. Rh3 Nf8 19. O-O-O Qd7 20.
Bxf8 Kxf8 21. Rdh1 Re8 22. Qf3 Qg7 23. Kc2 Re7 24. Rg3 Qf7 25. Nxg6+ Qxg6
26. Rxg6 Rxg6 27. Rh8+ 1-0

[Event "2nd President's Cup"]
[Site "Baku AZE"]
[Date "2007.05.11"]
[Round "9"]
[White "Andreev,Ed UKR"]
[Black "Lomsadze,D"]
[Result "0-1"]
[WhiteElo "2433"]
[BlackElo "2268"]
[EventDate "2007.05.03"]

1. e4 e5 2. Bc4 Nf6 3. d3 Nc6 4. Nf3 h6 5. c3 g6 6. O-O Bg7 7. d4 Qe7 8.
Re1 d6 9. Bb5 Bd7 10. d5 Nb8 11. Bxd7+ Nbxd7 12. c4 O-O 13. Nc3 Nh5 14. g3
f5 15. exf5 gxf5 16. Nd4 Qf7 17. Ne6 e4 18. Ne2 Ne5 19. N2d4 Rfe8 20. f4
Nd3 21. Rf1 c5 22. Nb5 Qg6 23. Qe2 Kh7 24. g4 Nf6 25. g5 Rxe6 26. dxe6 hxg5
27. fxg5 f4 28. Qg2 f3 29. Qh3+ Qh5 30. Qxh5+ Nxh5 31. Nxd6 Bd4+ 32. Kh1
Kg6 33. Nxe4 Kf5 34. Nd6+ Kg4 35. Nf7 f2 36. Kg2 Nhf4+ 37. Bxf4 Nxf4+ 38.
Kh1 Re8 39. Ne5+ Bxe5 40. Rxf2 Kxg5 41. Re1 Rxe6 42. Rd2 Kf6 43. Rd7 Ra6
44. Rxb7 Rxa2 45. Rf1 Ke6 46. Rb3 a5 47. Rb5 a4 48. Re1 Kd6 49. Rb6+ Kc7
50. Ra6 Kb7 51. Ra5 Kb6 52. Rb5+ Kc6 53. h4 Bxb2 54. h5 Nxh5 55. Re6+ Kd7
56. Ra6 Bd4 0-1

[Event "2nd President's Cup"]
[Site "Baku AZE"]
[Date "2007.05.11"]
[Round "9"]
[White "Durarbeyli,V"]
[Black "Bregadze,L"]
[Result "1-0"]
[WhiteElo "2368"]
[BlackElo "2302"]
[EventDate "2007.05.03"]

1. e4 c5 2. Nf3 d6 3. d4 cxd4 4. Qxd4 a6 5. Bg5 Nc6 6. Qd2 h6 7. Be3 Nf6 8.
Nc3 Ng4 9. Bf4 g5 10. Bg3 Bg7 11. O-O-O Be6 12. h3 Nge5 13. Nxe5 Nxe5 14.
f3 Rc8 15. Nd5 Nc4 16. Bxc4 Rxc4 17. Bf2 b5 18. Kb1 a5 19. b3 Rc6 20. Bd4
Bxd4 21. Qxd4 Rg8 22. Rhe1 Rc5 23. Re2 f6 24. Red2 Qc8 25. Nxf6+ exf6 26.
Qxf6 Rf8 27. Qxh6 Ke7 28. Rxd6 Rf6 29. Qg7+ Rf7 30. Qd4 Qc7 31. Rd2 a4 32.
Ra6 Rf8 33. Qg7+ Rf7 34. Qh8 Bd7 35. Rdd6 Qxd6 36. Rxd6 Kxd6 37. Qd4+ 1-0

[Event "2nd President's Cup"]
[Site "Baku AZE"]
[Date "2007.05.11"]
[Round "9"]
[White "Zeynalov,F"]
[Black "Zozulia,A"]
[Result "0-1"]
[WhiteElo "2259"]
[BlackElo "2344"]
[EventDate "2007.05.03"]

1. Nf3 Nf6 2. c4 g6 3. b4 Bg7 4. Bb2 c5 5. bxc5 Qa5 6. e3 Qxc5 7. d4 Qa5+
8. Qd2 Qxd2+ 9. Nbxd2 d6 10. Bd3 O-O 11. O-O Nc6 12. a4 b6 13. d5 Na5 14.
Bc3 Ba6 15. Ra3 Rfc8 16. Bxa5 bxa5 17. Nd4 Nd7 18. Nc6 Kf8 19. Nxa5 Nc5 20.
Be2 Rab8 21. Ra2 Rb4 22. Nc6 Rxa4 23. Rxa4 Nxa4 24. Nxa7 Rc7 25. Rb1 Bc3
26. Ne4 Rxa7 27. Bd1 f5 28. Ng3 Bxc4 29. Rc1 Bxd5 30. Bxa4 Rxa4 31. Rxc3
Ra1+ 32. Nf1 Bb7 0-1

[Event "2nd President's Cup"]
[Site "Baku AZE"]
[Date "2007.05.11"]
[Round "9"]
[White "Babaev,Ra"]
[Black "Mammadova,G"]
[Result "1-0"]
[WhiteElo "2510"]
[BlackElo "2201"]
[EventDate "2007.05.03"]

1. e4 c6 2. d4 d5 3. Nd2 dxe4 4. Nxe4 e5 5. Nf3 exd4 6. Bc4 Bf5 7. Neg5 Nh6
8. Nxd4 Bg6 9. Ngf3 Ng4 10. O-O Be7 11. h3 Nf6 12. Ne5 O-O 13. Nxg6 hxg6
14. c3 Nbd7 15. Re1 Nb6 16. Bb3 Qd7 17. Nxc6 Qxc6 18. Rxe7 Nbd5 19. Re1
Rad8 20. Qf3 Qa6 21. Bg5 Rd6 22. Rad1 Rfd8 23. Rd4 Qc6 24. Red1 R8d7 25.
Bxf6 1-0

[Event "2nd President's Cup"]
[Site "Baku AZE"]
[Date "2007.05.11"]
[Round "9"]
[White "Sulashvili,M"]
[Black "Umudova,N"]
[Result "1-0"]
[WhiteElo "2439"]
[BlackElo "2198"]
[EventDate "2007.05.03"]

1. d4 Nf6 2. Nf3 g6 3. c4 Bg7 4. g3 c6 5. Bg2 d5 6. cxd5 cxd5 7. O-O O-O 8.
Nc3 Nc6 9. Ne5 Nxe5 10. dxe5 Ng4 11. Qxd5 Nxe5 12. Bg5 Nc6 13. Qc5 Qd6 14.
Qxd6 exd6 15. Rfd1 Be5 16. Rd2 Na5 17. Rc1 Nc4 18. Rdc2 Bf5 19. e4 Be6 20.
Nd5 Bxd5 21. exd5 Nb6 22. Rc7 Bxb2 23. R1c2 Be5 24. Rxb7 Rfb8 25. Rbc7 Rc8
26. R7c6 Bd4 27. a4 Bc5 28. a5 Nd7 29. Bf4 Rcb8 30. Bxd6 Rb1+ 31. Bf1 Bxd6
32. Rxd6 Ne5 33. Kg2 Ra1 34. Be2 g5 35. Ra6 g4 36. Rd2 Rb8 37. d6 h5 38. d7
Nxd7 39. Rxd7 Rb2 40. Bd3 Raa2 41. Rf6 1-0

[Event "2nd President's Cup"]
[Site "Baku AZE"]
[Date "2007.05.11"]
[Round "9"]
[White "Jafarli,A"]
[Black "Velikhanli,F"]
[Result "0-1"]
[WhiteElo "2164"]
[BlackElo "2310"]
[EventDate "2007.05.03"]

1. e4 d6 2. d4 Nf6 3. Nc3 g6 4. Be3 c6 5. Qd2 b5 6. f3 Qc7 7. h4 Bg7 8.
O-O-O b4 9. Nce2 a5 10. g4 h5 11. Ng3 hxg4 12. f4 Nh5 13. N1e2 Nd7 14. f5
Nb6 15. b3 Nxg3 16. Nxg3 gxf5 17. h5 fxe4 18. h6 Bf8 19. Nxe4 Nd5 20. Bd3
f5 21. Ng3 e6 22. Bg5 Qf7 23. Rde1 Be7 24. Bxe7 Nxe7 25. Qf4 O-O 26. Qxd6
Kh7 27. Nh5 Ra7 28. Ng7 Rd7 29. Qf4 Ng6 30. Qe3 Rd6 31. Bc4 Qf6 32. Bxe6 f4
33. Qe2 f3 34. Qh2 Rxe6 35. Nxe6 Bxe6 36. Kb1 Bd5 37. Rhf1 Qf4 38. Qxf4
Rxf4 39. Re8 f2 40. Rc8 g3 41. Rc7+ 0-1

[Event "2nd President's Cup"]
[Site "Baku AZE"]
[Date "2007.05.11"]
[Round "9"]
[White "Isgandarova,K"]
[Black "Agayev,N"]
[Result "0-1"]
[WhiteElo "2155"]
[BlackElo "2306"]
[EventDate "2007.05.03"]

1. e4 c5 2. Nf3 Nc6 3. d4 cxd4 4. Nxd4 g6 5. c4 Bg7 6. Be3 Nf6 7. Nc3 Ng4
8. Qxg4 Nxd4 9. Qd1 Ne6 10. Qd2 d6 11. Be2 O-O 12. O-O Bd7 13. Rac1 Bc6 14.
f3 a5 15. Nd5 Nc5 16. Bd4 Bxd4+ 17. Qxd4 e5 18. Qd2 Bxd5 19. Qxd5 Qb6 20.
Kh1 Qxb2 21. Qxd6 Ne6 22. Rfe1 Rad8 23. Qe7 Rd2 24. Bf1 Nf4 25. Rb1 Qxa2
26. Qxe5 Nxg2 27. Ra1 Nxe1 28. Rxa2 Rxa2 29. Qc3 Nc2 30. c5 Rd8 31. Bc4 Ne3
32. Bd5 Nxd5 33. Qd4 Ra1+ 34. Qxa1 Ne3 0-1

[Event "2nd President's Cup"]
[Site "Baku AZE"]
[Date "2007.05.11"]
[Round "9"]
[White "Avdeyeva,V"]
[Black "Mammadov,A"]
[Result "0-1"]
[WhiteElo "2020"]
[BlackElo "2225"]
[EventDate "2007.05.03"]

1. e4 e6 2. d4 d5 3. Nc3 Nf6 4. Bg5 Bb4 5. e5 h6 6. exf6 hxg5 7. fxg7 Rg8
8. Qd2 Qf6 9. a3 Bd6 10. g3 Bd7 11. Qe3 Qe7 12. h4 Rxg7 13. Nf3 gxh4 14.
Rxh4 Rg8 15. Ne5 c5 16. Nxd7 Nxd7 17. Nb5 Bb8 18. dxc5 Qxc5 19. Qb3 Be5 20.
O-O-O Qxf2 21. Nd4 Qxg3 22. Nf3 O-O-O 23. Rb4 Nc5 24. Qe3 Bd6 25. Kb1 Kb8
26. c4 Nd7 27. Rb3 dxc4 28. Bxc4 Nb6 29. Qe2 Qg2 30. Qe4 Rg4 31. Qd3 Rxc4
32. Rg1 Qh3 0-1

[Event "2nd President's Cup"]
[Site "Baku AZE"]
[Date "2007.05.11"]
[Round "9"]
[White "Djabbarov,E"]
[Black "Aroshidze,L"]
[Result "0-1"]
[WhiteElo "2174"]
[BlackElo "2500"]
[EventDate "2007.05.03"]

1. d4 Nf6 2. c4 c5 3. d5 e6 4. Nc3 exd5 5. cxd5 d6 6. Nf3 g6 7. Nd2 Nbd7 8.
Nc4 Nb6 9. e4 Bg7 10. Ne3 O-O 11. a4 Bd7 12. a5 Nc8 13. Be2 Qe7 14. f3 a6
15. O-O Na7 16. Nc4 Nb5 17. Nb6 Rab8 18. Bxb5 axb5 19. Qb3 b4 20. Nxd7 Nxd7
21. Nd1 Ra8 22. Bf4 Ra6 23. Qc4 Rfa8 24. Kh1 b6 0-1

[Event "2nd President's Cup"]
[Site "Baku AZE"]
[Date "2007.05.11"]
[Round "9"]
[White "Allahverdiyev,A"]
[Black "Zarkua,D"]
[Result "0-1"]
[WhiteElo "2051"]
[BlackElo "2390"]
[EventDate "2007.05.03"]

1. Nf3 d5 2. d4 c5 3. g3 cxd4 4. Bg2 Qa5+ 5. c3 dxc3 6. Nxc3 Nf6 7. O-O Nc6
8. Bg5 e6 9. Bxf6 gxf6 10. e4 dxe4 11. Nxe4 Be7 12. Nd6+ Bxd6 13. Qxd6 Qd8
14. Qc5 Qe7 15. Qc2 e5 16. Rad1 Be6 17. Rfe1 Rc8 18. Qd2 h5 19. a3 Kf8 20.
b4 a6 21. Qb2 Kg7 22. Nh4 Rhd8 23. Rxd8 Qxd8 24. Qe2 Bg4 25. Qe4 Qd2 26. h3
Be6 27. Re3 Nd4 28. Re1 Rc2 29. Rf1 Bc4 30. Nf5+ Nxf5 31. Qxf5 Bxf1 32.
Bxf1 Qd1 33. Kg2 Rc1 0-1